| 000 | 00580 a2200169 4500 | ||
|---|---|---|---|
| 020 | _a0521497701 | ||
| 020 | _a9780521497701 | ||
| 082 | _a519.3 | ||
| 090 |
_c963 _d963 |
||
| 100 | 1 | _aSundaram, Rangarajan K. | |
| 245 | 1 | 2 |
_aA first course in optimization theory / _cRangarajan K. Sundaram. |
| 260 |
_a[S.l.] : _bCambridge University Press, _c2007 |
||
| 300 |
_a375 p. ; _c28 cm. |
||
| 700 | _aSundaram, Rangarajan K. | ||
| 942 |
_aSNS _cBK _k519.3 SUN |
||
| 999 |
_c29582 _d29582 |
||